| 000 | 00519nam a2200157 a 4500 | ||
|---|---|---|---|
| 001 | 000039168 | ||
| 005 | 20201002031527.0 | ||
| 008 | 130606s2013 dr 000 0 spa d | ||
| 020 | _a9789945165333 | ||
| 040 |
_aDO-SdBNP _bspa _cBNPHU |
||
| 100 | 1 |
_aCastillo Drullard, Pedro Héctor _911757 |
|
| 245 | 1 | 3 |
_aEl regreso de Ricardito / _cPedro Héctor Castillo Drullard. |
| 260 |
_aSanto Domingo : _bBúho, _c2013. |
||
| 300 |
_a183 p. ; _c21 cm. |
||
| 500 | _aIncluye datos biográficos del autor en la solapa de la cubierta | ||
| 999 |
_c38658 _d38658 |
||